ბათუმის შოთა რუსთაველის სახელმწიფო უნივერსიტეტის ბიბლიოთეკა

ნარინჯოვანთა განოყიერების მეცნიერული საფუძვლები. (ბიბ.ჩანაწერი № 44699)

000 -LEADER
fixed length control field 00816nam a2200217Ia 4500
001 - CONTROL NUMBER
control field 11504
003 - CONTROL NUMBER IDENTIFIER
control field GE_BSU
008 - FIXED-LENGTH DATA ELEMENTS--GENERAL INFORMATION
fixed length control field 181216s||||||||xx |||||||||||||| ||und||
040 ## - CATALOGING SOURCE
Transcribing agency GE_BSU
080 ## - UNIVERSAL DECIMAL CLASSIFICATION NUMBER
Universal Decimal Classification number 634.3:631.527
100 ## - MAIN ENTRY--PERSONAL NAME
Personal name ჯაბნიძე,რეზო.
245 ## - TITLE STATEMENT
Title ნარინჯოვანთა განოყიერების მეცნიერული საფუძვლები.
245 ## - TITLE STATEMENT
Statement of responsibility, etc. რედ:მამია გოგოლიშვილი.
260 ## - PUBLICATION, DISTRIBUTION, ETC.
Place of publication, distribution, etc. ბათუმი.
260 ## - PUBLICATION, DISTRIBUTION, ETC.
Name of publisher, distributor, etc. ალიონი.
260 ## - PUBLICATION, DISTRIBUTION, ETC.
Date of publication, distribution, etc. 2000.
300 ## - PHYSICAL DESCRIPTION
Extent 420გვ;20სმ.
300 ## - PHYSICAL DESCRIPTION
Accompanying material ილ;ცხრ.
653 ## - INDEX TERM--UNCONTROLLED
Uncontrolled term ნარინჯოვანთა განოყიერების მეცნიერული საფუძვლები.
942 ## - ADDED ENTRY ELEMENTS (KOHA)
Koha item type წიგნი
ეგზემპლარები
Withdrawn status Lost status Damaged status Not for loan Date acquired Barcode Date last seen Price effective from Koha item type
        2018-12-17 19889 2018-12-17 2018-12-17 წიგნი
        2018-12-17 19890 2018-12-17 2018-12-17 წიგნი
        2018-12-17 19891 2018-12-17 2018-12-17 წიგნი
        2018-12-17 19892 2018-12-17 2018-12-17 წიგნი
        2018-12-17 19893 2018-12-17 2018-12-17 წიგნი
        2018-12-17 19894 2018-12-17 2018-12-17 წიგნი
        2018-12-17 19895 2018-12-17 2018-12-17 წიგნი
        2018-12-17 19896 2018-12-17 2018-12-17 წიგნი
        2018-12-17 19888 2018-12-17 2018-12-17 წიგნი